[Event "Europa ch s-18 femenino"]
[Site "Herceg Novi MNT"]
[Date "2008.09.23"]
[Round "8.4"]
[White "Pavlidou, Ekaterini"]
[Black "Guadamuro Torrente, Anabel"]
[Result "0-1"]
[WhiteElo "2034"]
[BlackElo "2105"]
[PlyCount "74"]
[EventDate "2008.09.15"]
[EventType "swiss"]
[EventRounds "9"]
[Source "lmi"]
[SourceDate "2008.09.15"]

1. d4 d5 2. Nf3 Nf6 3. c4 c6 4. Nc3 a6 5. c5 g6 6. Bf4 Bg7 7. e3 Bg4 8. Be2
Nbd7 9. Ne5 Bxe2 10. Qxe2 Nh5 11. g4 Nxf4 12. exf4 e6 13. O-O-O Nxe5 14. fxe5
b6 15. cxb6 Qxb6 16. Kb1 Qb4 17. f4 c5 18. dxc5 Qxf4 19. Rhf1 Qb4 20. Rc1 O-O
21. g5 Qd4 22. Rce1 Qxc5 23. h4 Rab8 24. Ka1 Qb4 25. a3 Qxh4 26. Qd2 h6 27.
gxh6 Qxh6 28. Qd3 Rfc8 29. Rh1 Qf4 30. Qh3 Rc7 31. Re2 Rc6 32. Rf1 Qd4 33. Rh2
Qxe5 34. Qh7+ Kf8 35. Qxg6 f5 36. Rg1 Rxc3 37. Rh8+ Bxh8 0-1

[Event "Europa ch s-18 femenino"]
[Site "Herceg Novi MNT"]
[Date "2008.09.23"]
[Round "8.5"]
[White "Demidowicz, Maria"]
[Black "Gosciniak, Maria"]
[Result "1-0"]
[WhiteElo "2032"]
[BlackElo "2096"]
[PlyCount "93"]
[EventDate "2008.09.15"]
[EventType "swiss"]
[EventRounds "9"]
[Source "lmi"]
[SourceDate "2008.09.15"]

1. e4 g6 2. d4 Bg7 3. Nc3 c6 4. Be3 d5 5. e5 f6 6. f4 Qb6 7. Qd2 Qxb2 8. Rb1
Qa3 9. Nf3 Nh6 10. h3 b6 11. g4 Nf7 12. Bd3 Na6 13. f5 gxf5 14. e6 Bxe6 15.
gxf5 Bd7 16. Rb3 Qa5 17. Qe2 Nb4 18. Bd2 Bh6 19. Nb1 Bxd2+ 20. Nfxd2 Nxd3+ 21.
Qxd3 b5 22. Kd1 Nd6 23. Rf1 O-O-O 24. Rc3 Qb6 25. Kc1 Rhg8 26. a4 a6 27. Ra3
Rg5 28. axb5 axb5 29. Nb3 Bxf5 30. Qe2 Ne4 31. Nc5 Nxc5 32. dxc5 Qb7 33. Nd2
Bg6 34. Kb2 Re5 35. Qg4+ f5 36. Qd4 Qb8 37. Rfa1 Re4 38. Nxe4 dxe4 39. Qg7 Kd7
40. Ra7+ Ke6 41. Qxe7+ Kd5 42. Rd1+ Kc4 43. Rxd8 Qg3 44. Qe6+ Kxc5 45. Ra3 Qf4
46. Rc3+ Kb4 47. Qxc6 1-0

[Event "Europa ch s-18 femenino"]
[Site "Herceg Novi MNT"]
[Date "2008.09.23"]
[Round "8.6"]
[White "Rakic, Marija"]
[Black "Traistaru, Teodora"]
[Result "1/2-1/2"]
[WhiteElo "2276"]
[BlackElo "2162"]
[PlyCount "65"]
[EventDate "2008.09.15"]
[EventType "swiss"]
[EventRounds "9"]
[Source "lmi"]
[SourceDate "2008.09.15"]

1. d4 d5 2. c4 c6 3. Nf3 Nf6 4. Nc3 dxc4 5. a4 Bf5 6. e3 e6 7. Bxc4 Bb4 8. O-O
O-O 9. Qb3 Qb6 10. Ne5 Nbd7 11. Nxd7 Nxd7 12. f3 e5 13. Kh1 exd4 14. exd4 Be7
15. Be3 Bf6 16. Rad1 Rae8 17. Bf2 a5 18. Rfe1 Rxe1+ 19. Rxe1 Qxb3 20. Bxb3 Rd8
21. g4 Bd3 22. Ne4 Bxe4 23. fxe4 Nf8 24. Rd1 Ng6 25. Kg2 c5 26. dxc5 Rxd1 27.
Bxd1 Bxb2 28. Bb3 Nf4+ 29. Kf3 Nd3 30. Be3 Ba3 31. Bd5 Nxc5 32. Bxc5 Bxc5 33.
Bxb7 1/2-1/2

[Event "Europa ch s-18 femenino"]
[Site "Herceg Novi MNT"]
[Date "2008.09.23"]
[Round "8.7"]
[White "Novosadova, Kristyna"]
[Black "Ohme, Melanie"]
[Result "0-1"]
[WhiteElo "2038"]
[BlackElo "2245"]
[PlyCount "50"]
[EventDate "2008.09.15"]
[EventType "swiss"]
[EventRounds "9"]
[Source "lmi"]
[SourceDate "2008.09.15"]

1. e4 c5 2. Nf3 Nc6 3. b3 e5 4. Bb2 d6 5. Bb5 Bd7 6. c4 g6 7. O-O Bg7 8. d3 f5
9. exf5 gxf5 10. Re1 Nge7 11. Bxc6 Bxc6 12. Ng5 Qd7 13. f4 Ng6 14. d4 cxd4 15.
Qxd4 O-O-O 16. Qxa7 Nxf4 17. Na3 Qe7 18. Nf3 Bxf3 19. gxf3 Qg5+ 20. Kf2 Qg2+
21. Ke3 Qxb2 22. Nb5 Kd7 23. Qxb7+ Ke6 24. Qxg7 Ng2+ 25. Kd3 e4+ 0-1

[Event "Europa ch s-18 femenino"]
[Site "Herceg Novi MNT"]
[Date "2008.09.23"]
[Round "8.9"]
[White "Baptista, Ana Filipa"]
[Black "Vladimirova, Maria"]
[Result "1/2-1/2"]
[WhiteElo "2137"]
[BlackElo "2009"]
[PlyCount "66"]
[EventDate "2008.09.15"]
[EventType "swiss"]
[EventRounds "9"]
[Source "lmi"]
[SourceDate "2008.09.15"]

1. e4 c5 2. Nf3 e6 3. d4 cxd4 4. Nxd4 Nf6 5. Nc3 Nc6 6. Be3 Bb4 7. Bd3 d5 8.
O-O Bxc3 9. bxc3 dxe4 10. Bb5 Bd7 11. Qe2 Qc7 12. f3 e5 13. Nxc6 Bxc6 14. fxe4
Nxe4 15. Bxc6+ Qxc6 16. Qh5 O-O 17. Qxe5 Rae8 18. Qa5 Nxc3 19. Qxa7 Nd5 20. Rf3
b6 21. Qa3 Re4 22. Qb3 h6 23. a3 Rfe8 24. Bf2 Rc4 25. Rd1 b5 26. Qd3 Rxc2 27.
Qf5 Nf6 28. Bh4 Rc1 29. Rxc1 Qxc1+ 30. Rf1 Qe3+ 31. Kh1 Re5 32. Qc8+ Re8 33.
Qf5 Re5 1/2-1/2

[Event "Europa ch s-18 femenino"]
[Site "Herceg Novi MNT"]
[Date "2008.09.23"]
[Round "8.10"]
[White "Kasperek, Joanna"]
[Black "Zhorzholiani, Meri"]
[Result "1/2-1/2"]
[WhiteElo "2041"]
[BlackElo "2136"]
[PlyCount "120"]
[EventDate "2008.09.15"]
[EventType "swiss"]
[EventRounds "9"]
[Source "lmi"]
[SourceDate "2008.09.15"]

1. e4 c5 2. Nf3 d6 3. d4 cxd4 4. Nxd4 Nf6 5. Nc3 Nc6 6. Bg5 e6 7. Qd2 Qb6 8.
Nb3 Be7 9. O-O-O O-O 10. f3 Rd8 11. Nb5 Rd7 12. Be3 Qd8 13. N5d4 Nxd4 14. Nxd4
a6 15. g4 Rc7 16. g5 Nh5 17. Be2 e5 18. Nf5 Rc6 19. Kb1 Be6 20. Ng3 Nf4 21. h4
Ng2 22. Nf5 Bxf5 23. exf5 d5 24. Bd3 Nxe3 25. Qxe3 f6 26. Be4 Bc5 27. Qb3 Rd6
28. Rxd5 Kh8 29. gxf6 gxf6 30. Rhd1 Rxd5 31. Qxd5 Qxd5 32. Rxd5 b6 33. c3 Rg8
34. b4 Bf2 35. h5 Kg7 36. Rd6 Rf8 37. Bd3 a5 38. bxa5 bxa5 39. Rd5 Rc8 40. c4
Bc5 41. Rd7+ Kh6 42. Rf7 Rb8+ 43. Kc2 Bd4 44. Rxf6+ Kxh5 45. Rc6 Kg5 46. f6 Rf8
47. Bxh7 Rxf6 48. Rxf6 Kxf6 49. Kb3 Ke6 50. Ka4 Bb6 51. Kb5 Bd8 52. Kc6 a4 53.
c5 a3 54. Bg8+ Ke7 55. Kd5 Bc7 56. Kc4 Kd7 57. Kb4 Bd8 58. Kxa3 Be7 59. Kb4 Kc6
60. a4 Bxc5+ 1/2-1/2

[Event "Europa ch s-18 femenino"]
[Site "Herceg Novi MNT"]
[Date "2008.09.23"]
[Round "8.12"]
[White "Braggaar, Leonore"]
[Black "Nowak, Malgorzata"]
[Result "0-1"]
[WhiteElo "1967"]
[BlackElo "2052"]
[PlyCount "68"]
[EventDate "2008.09.15"]
[EventType "swiss"]
[EventRounds "9"]
[Source "lmi"]
[SourceDate "2008.09.15"]

1. e4 e6 2. d4 d5 3. Nc3 Bb4 4. e5 Ne7 5. Bd2 b6 6. a3 Bxc3 7. Bxc3 c5 8. f4
Ba6 9. Bxa6 Nxa6 10. Nf3 Nb8 11. O-O Nf5 12. Qd2 h5 13. Rfd1 Nc6 14. Qe2 O-O
15. Ng5 g6 16. dxc5 bxc5 17. g4 hxg4 18. Qxg4 Kg7 19. Rd2 Qe7 20. Rg2 Rh8 21.
Qe2 Rab8 22. b3 Rh4 23. Rf1 Qd8 24. Be1 Rh6 25. Bf2 Qa5 26. Qg4 d4 27. Ne4 Rbh8
28. Qg5 Kf8 29. Qf6 g5 30. Qxg5 Rg6 31. Qxg6 fxg6 32. Nf6 Nce7 33. a4 Kf7 34.
Ne4 Nd5 0-1

[Event "Europa ch s-18 femenino"]
[Site "Herceg Novi MNT"]
[Date "2008.09.23"]
[Round "8.13"]
[White "Brandenburg, Lucia"]
[Black "Mader, Manuela"]
[Result "0-1"]
[WhiteElo "1926"]
[BlackElo "2155"]
[PlyCount "66"]
[EventDate "2008.09.15"]
[EventType "swiss"]
[EventRounds "9"]
[Source "lmi"]
[SourceDate "2008.09.15"]

1. e4 c6 2. d4 d5 3. e5 Bf5 4. Nf3 e6 5. Be2 c5 6. c4 dxc4 7. Bxc4 Nc6 8. Be3
cxd4 9. Bxd4 Bb4+ 10. Nc3 Bg4 11. Be3 Nge7 12. O-O O-O 13. Be2 Ng6 14. Qb3 Bxc3
15. Qxc3 Bxf3 16. Bxf3 Ngxe5 17. Be2 Qh4 18. Rfd1 Rfd8 19. Rxd8+ Rxd8 20. Bxa7
Ng4 21. Bxg4 Qxg4 22. f3 Qf5 23. Bb6 Rd3 24. Qc2 Qd5 25. Qa4 h6 26. Qa8+ Kh7
27. Qxb7 Rd2 28. Rc1 Qg5 29. g3 Qh5 30. h4 Ne5 31. Qe4+ f5 32. Qe3 Nxf3+ 33.
Kf1 Qg4 0-1

[Event "Europa ch s-18 femenino"]
[Site "Herceg Novi MNT"]
[Date "2008.09.23"]
[Round "8.14"]
[White "Dincel, Melodi"]
[Black "Manyoki, Anna"]
[Result "1-0"]
[WhiteElo "1845"]
[BlackElo "2053"]
[PlyCount "111"]
[EventDate "2008.09.15"]
[EventType "swiss"]
[EventRounds "9"]
[Source "lmi"]
[SourceDate "2008.09.15"]

1. c4 e5 2. Nc3 Nf6 3. e4 c6 4. Nf3 Qa5 5. Bd3 Be7 6. O-O O-O 7. h3 d5 8. Qe1
d4 9. Ne2 Na6 10. Bb1 Ne8 11. Ng3 f6 12. Qe2 Nd6 13. a3 Be6 14. d3 c5 15. Ba2
Qc7 16. Bd2 Nb8 17. Bb1 Nd7 18. Nh2 f5 19. f4 Bh4 20. exf5 Nxf5 21. Nxf5 Bxf5
22. g4 Bg6 23. f5 Bf7 24. g5 Bg3 25. Ng4 Rae8 26. Qg2 e4 27. dxe4 Bxc4 28. Rf3
Be5 29. b3 d3 30. bxc4 Bxa1 31. Rxd3 Ne5 32. Bf4 Qb6 33. Rd1 Nxg4 34. Qxg4 Be5
35. Be3 Rd8 36. Rf1 Bd4 37. Bxd4 Rxd4 38. f6 Qd6 39. Kg2 Rd2+ 40. Kf3 Rd1 41.
Kg2 Rxf1 42. Kxf1 Qe5 43. Bd3 Kh8 44. f7 Rxf7+ 45. Kg2 Qf4 46. Qxf4 Rxf4 47.
Kg3 Rf8 48. e5 g6 49. Be4 b6 50. Bd5 Kg7 51. h4 Rf5 52. e6 Kf8 53. Kg4 Ke7 54.
h5 gxh5+ 55. Kxf5 a6 56. a4 1-0

[Event "Europa ch s-18 femenino"]
[Site "Herceg Novi MNT"]
[Date "2008.09.23"]
[Round "8.15"]
[White "Kirpichenko, Ekaterina"]
[Black "Dirksen, Marieke"]
[Result "1/2-1/2"]
[WhiteElo "2026"]
[BlackElo "1933"]
[PlyCount "66"]
[EventDate "2008.09.15"]
[EventType "swiss"]
[EventRounds "9"]
[Source "lmi"]
[SourceDate "2008.09.15"]

1. e4 c5 2. Nf3 d6 3. c3 Nf6 4. Be2 Nc6 5. d4 Bg4 6. O-O e6 7. d5 Bxf3 8. Bxf3
Ne5 9. Be2 exd5 10. f4 Ned7 11. exd5 Be7 12. c4 O-O 13. Nd2 Re8 14. Bd3 Bf8 15.
b3 Qa5 16. Bb2 Re3 17. Qc2 Rae8 18. Nf3 g6 19. Bc3 Qd8 20. f5 Ne4 21. Bb2 Bg7
22. Bxg7 Kxg7 23. fxg6 hxg6 24. Rae1 Ng5 25. Qc3+ Kg8 26. Nxg5 Qxg5 27. Qd2 Qe5
28. Rxe3 Qxe3+ 29. Qxe3 Rxe3 30. Bb1 Re2 31. Rf2 Re1+ 32. Rf1 Re2 33. Rf2 Re1+
1/2-1/2

[Event "Europa ch s-18 femenino"]
[Site "Herceg Novi MNT"]
[Date "2008.09.23"]
[Round "8.16"]
[White "Balcaite, Agne"]
[Black "Exler, Veronika"]
[Result "0-1"]
[WhiteElo "1830"]
[BlackElo "2011"]
[PlyCount "82"]
[EventDate "2008.09.15"]
[EventType "swiss"]
[EventRounds "9"]
[Source "lmi"]
[SourceDate "2008.09.15"]

1. e4 c5 2. Nf3 Nc6 3. d4 cxd4 4. Nxd4 e5 5. Nb5 d6 6. N1c3 a6 7. Na3 b5 8. Nd5
Nge7 9. Bd3 Nxd5 10. exd5 Ne7 11. c4 g6 12. cxb5 Bg7 13. bxa6 Qa5+ 14. Qd2
Qxd2+ 15. Bxd2 e4 16. Bb5+ Bd7 17. Rb1 Nxd5 18. O-O Nc7 19. Bxd7+ Kxd7 20. Nc4
Rxa6 21. Bf4 d5 22. Ne5+ Bxe5 23. Bxe5 Re8 24. Bxc7 Kxc7 25. Rfc1+ Kd6 26. a3
d4 27. Kf1 Rb8 28. Rc4 Kd5 29. Rc7 Rxa3 30. Rxf7 Rab3 31. Rxh7 Rxb2 32. Rd7+
Ke5 33. Rxb2 Rxb2 34. Ke1 Rb1+ 35. Ke2 Rb2+ 36. Ke1 Rb1+ 37. Ke2 d3+ 38. Ke3
Re1+ 39. Kd2 Re2+ 40. Kd1 Rxf2 41. Re7+ Kd4 0-1

[Event "Europa ch s-18 femenino"]
[Site "Herceg Novi MNT"]
[Date "2008.09.23"]
[Round "8.17"]
[White "Mareckova, Martina"]
[Black "Topic, Jelena"]
[Result "1-0"]
[WhiteElo "2042"]
[BlackElo "1866"]
[PlyCount "91"]
[EventDate "2008.09.15"]
[EventType "swiss"]
[EventRounds "9"]
[Source "lmi"]
[SourceDate "2008.09.15"]

1. e4 c5 2. Nc3 d6 3. g3 g6 4. Bg2 Bg7 5. d3 Nc6 6. f4 e6 7. Nf3 Nge7 8. Ne2 d5
9. e5 O-O 10. O-O b5 11. g4 f5 12. g5 Qc7 13. d4 c4 14. h4 Rd8 15. b3 a5 16.
Be3 Ba6 17. Ne1 Bf8 18. Rf3 Nc8 19. Rh3 Nb6 20. h5 Rd7 21. Nf3 Rc8 22. Kf2 b4
23. Ng3 Ne7 24. Rc1 Bg7 25. hxg6 hxg6 26. Qh1 Rdd8 27. Rh7 Kf7 28. Qh6 Rg8 29.
Nh5 gxh5 30. Qf6+ Ke8 31. Rxg7 Rxg7 32. Qxg7 Kd7 33. Nh4 Rg8 34. Qf7 Qd8 35. g6
Rf8 36. Qg7 Rg8 37. Qh6 Rh8 38. Qg5 Rg8 39. Bf3 Nxg6 40. Nxg6 Qxg5 41. fxg5
Rxg6 42. Bxh5 Rg8 43. Bf7 Rg7 44. g6 Nc8 45. Bh6 Rxf7 46. gxf7 1-0

[Event "Europa ch s-18 femenino"]
[Site "Herceg Novi MNT"]
[Date "2008.09.23"]
[Round "8.18"]
[White "Dudas, Eszter"]
[Black "Dvoranova, Maria"]
[Result "1-0"]
[WhiteElo "2108"]
[BlackElo "1891"]
[PlyCount "63"]
[EventDate "2008.09.15"]
[EventType "swiss"]
[EventRounds "9"]
[Source "lmi"]
[SourceDate "2008.09.15"]

1. e4 c5 2. Nf3 e6 3. d4 cxd4 4. Nxd4 a6 5. c4 Bc5 6. Nb3 Be7 7. Be2 d6 8. Be3
Nf6 9. Nc3 O-O 10. O-O Nbd7 11. Nd4 Qc7 12. Rc1 Ne5 13. f3 Bd7 14. b4 Nc6 15.
a3 Rad8 16. Nb3 Ne5 17. Nd2 Qb8 18. a4 d5 19. c5 dxe4 20. fxe4 Bc6 21. Qc2 Ng6
22. b5 axb5 23. axb5 Be8 24. Na4 Qe5 25. Nb6 Nd5 26. Nxd5 exd5 27. Rf5 Qe6 28.
Qb3 Ne5 29. Bd4 dxe4 30. Rxe5 Qxb3 31. Nxb3 Bf6 32. Rxe4 1-0

[Event "Europa ch s-18 femenino"]
[Site "Herceg Novi MNT"]
[Date "2008.09.23"]
[Round "8.19"]
[White "Purgar, Ivona"]
[Black "Chierici, Marianna"]
[Result "0-1"]
[WhiteElo "2026"]
[BlackElo "2037"]
[PlyCount "86"]
[EventDate "2008.09.15"]
[EventType "swiss"]
[EventRounds "9"]
[Source "lmi"]
[SourceDate "2008.09.15"]

1. e4 c5 2. Nf3 Nc6 3. d4 cxd4 4. Nxd4 e5 5. Nb5 d6 6. N1c3 a6 7. Na3 Be6 8.
Nc4 Be7 9. Ne3 Nf6 10. Bd3 O-O 11. O-O Rc8 12. Ncd5 Bxd5 13. exd5 Nb8 14. Nf5
Re8 15. Qf3 Nbd7 16. Qg3 g6 17. Nxe7+ Qxe7 18. Bg5 Qf8 19. c4 h6 20. Be3 Qg7
21. f4 Nh5 22. Qf2 exf4 23. Bd4 Ne5 24. Be2 f3 25. Bxf3 Rxc4 26. Kh1 Nd3 27.
Bxg7 Nxf2+ 28. Rxf2 Nxg7 29. Raf1 Nf5 30. g4 Ne3 31. Re1 Re5 32. h3 Nxg4 33.
Rfe2 Nf2+ 34. Kg2 Nd3 35. Rxe5 Nxe5 36. Be4 Kg7 37. Kf1 f5 38. Bg2 Rc2 39. Re2
Rxe2 40. Kxe2 Kf6 41. b3 Nd7 42. Kd3 Ke5 43. Ke3 Nc5 0-1

[Event "Europa ch s-18 femenino"]
[Site "Herceg Novi MNT"]
[Date "2008.09.23"]
[Round "8.20"]
[White "Wierzbicka, Wiktoria"]
[Black "Vasile, Teodora"]
[Result "1-0"]
[WhiteElo "2033"]
[BlackElo "1932"]
[PlyCount "103"]
[EventDate "2008.09.15"]
[EventType "swiss"]
[EventRounds "9"]
[Source "lmi"]
[SourceDate "2008.09.15"]

1. e4 e5 2. Nf3 d6 3. d4 Nf6 4. Nc3 Nbd7 5. Bc4 Be7 6. O-O c6 7. a4 a5 8. Re1
O-O 9. h3 Qc7 10. Qe2 h6 11. Ba2 Nh7 12. dxe5 dxe5 13. Be3 Nc5 14. Rad1 Ne6 15.
Rd3 b6 16. Qd1 Nhg5 17. Nxg5 hxg5 18. Bxe6 Bxe6 19. Qh5 Bc4 20. Rdd1 f6 21. Qg4
Rfd8 22. Ne2 Bb4 23. c3 Bf8 24. Ng3 Bf7 25. h4 gxh4 26. Nf5 c5 27. Nh6+ Kh7 28.
Nxf7 Qxf7 29. Qxh4+ Kg8 30. Kh2 Qg6 31. c4 Be7 32. f3 Kf7 33. Qf2 Rxd1 34. Rxd1
Rd8 35. Rxd8 Bxd8 36. Qd2 Ke7 37. g3 Qf7 38. Qd5 Qxd5 39. cxd5 g5 40. b3 Bc7
41. Kh3 Kf7 42. Kg4 Kg6 43. f4 gxf4 44. gxf4 Bb8 45. fxe5 fxe5 46. Bg5 b5 47.
axb5 c4 48. bxc4 Bd6 49. Bd2 a4 50. Bc3 a3 51. b6 a2 52. b7 1-0

[Event "Europa ch s-18 femenino"]
[Site "Herceg Novi MNT"]
[Date "2008.09.23"]
[Round "8.21"]
[White "Asgarova, Turan Nizami Qizi"]
[Black "Finnbogadottir, Tinna Kristin"]
[Result "1-0"]
[WhiteElo "2008"]
[BlackElo "1655"]
[PlyCount "63"]
[EventDate "2008.09.15"]
[EventType "swiss"]
[EventRounds "9"]
[Source "lmi"]
[SourceDate "2008.09.15"]

1. e4 c5 2. Nf3 e6 3. d4 cxd4 4. Nxd4 a6 5. Bd3 Bc5 6. Nb3 Ba7 7. O-O b5 8. e5
Bb7 9. Qg4 Ne7 10. Nc3 h5 11. Qe2 Nbc6 12. Ne4 Nf5 13. Nd6+ Nxd6 14. exd6 Qf6
15. Be3 Bb8 16. Nc5 Bc8 17. Ne4 Qxb2 18. a4 b4 19. f4 g6 20. Qf2 f5 21. Nd2 Qg7
22. Nc4 Bb7 23. Kh1 a5 24. Bc5 g5 25. Rae1 g4 26. Bxf5 h4 27. Be4 Ba6 28. Bxc6
dxc6 29. Rxe6+ Kd8 30. Bd4 Qf7 31. Bf6+ Kc8 32. Nb6+ 1-0

[Event "Europa ch s-18 femenino"]
[Site "Herceg Novi MNT"]
[Date "2008.09.23"]
[Round "8.26"]
[White "Chiarion, Elisa"]
[Black "Vartic, Irina"]
[Result "0-1"]
[WhiteElo "1897"]
[BlackElo "1836"]
[PlyCount "80"]
[EventDate "2008.09.15"]
[EventType "swiss"]
[EventRounds "9"]
[Source "lmi"]
[SourceDate "2008.09.15"]

1. e4 e5 2. Nf3 Nc6 3. Bc4 Nf6 4. d3 Be7 5. O-O O-O 6. c3 d6 7. Bb3 Bg4 8. Nbd2
Re8 9. Re1 Qd7 10. Nf1 Rad8 11. h3 Bh5 12. Ng3 Bg6 13. Nh4 d5 14. Nxg6 hxg6 15.
Qf3 d4 16. c4 a5 17. Ba4 Qd6 18. Bd2 b6 19. h4 Nd7 20. h5 Nc5 21. Bb5 Rf8 22.
Bxc6 Qxc6 23. h6 Qf6 24. hxg7 Kxg7 25. Qg4 Rh8 26. Nf5+ Kh7 27. Qh3+ Kg8 28.
Qg3 Rh5 29. Nh6+ Kh7 30. Rad1 Rxh6 31. Bxh6 Kxh6 32. Rf1 Qg5 33. Qh2+ Kg7 34.
f4 exf4 35. Qxf4 Qxf4 36. Rxf4 Bg5 37. Rf3 Be3+ 38. Kf1 Ne6 39. Rh3 Nf4 40. Rh1
Rd6 0-1

[Event "Europa ch s-18 femenino"]
[Site "Herceg Novi MNT"]
[Date "2008.09.23"]
[Round "8.27"]
[White "Naydenova, Yordanka"]
[Black "Farevaag, Evy"]
[Result "1/2-1/2"]
[WhiteElo "1807"]
[BlackElo "1771"]
[PlyCount "94"]
[EventDate "2008.09.15"]
[EventType "swiss"]
[EventRounds "9"]
[Source "lmi"]
[SourceDate "2008.09.15"]

1. e4 c6 2. d3 d5 3. Nd2 g6 4. g3 dxe4 5. dxe4 Bg7 6. Bg2 Nf6 7. Ngf3 O-O 8.
O-O Bg4 9. h3 Bxf3 10. Qxf3 Nbd7 11. Nb3 Qc7 12. c3 e5 13. Be3 Rad8 14. Rad1
Nb6 15. Qe2 Rxd1 16. Rxd1 Rd8 17. Rxd8+ Qxd8 18. Qd2 Qxd2 19. Bxd2 Nc4 20. Bc1
Nd7 21. Kf1 a5 22. Ke1 a4 23. Nd2 Ndb6 24. Nxc4 Nxc4 25. Ke2 Kf8 26. Kd3 b5 27.
Bf3 Ke8 28. Bd1 Bf8 29. f4 exf4 30. gxf4 Kd7 31. Bg4+ Kc7 32. b3 axb3 33. axb3
Nb6 34. f5 Bd6 35. fxg6 hxg6 36. Bg5 Nd7 37. Ke3 Ne5 38. Be2 Ba3 39. h4 Bc1+
40. Kd4 Bxg5 41. hxg5 Kd6 42. b4 Nd7 43. Bg4 Ne5 44. Be2 Nd7 45. c4 bxc4 46.
Bxc4 Ne5 47. Be2 Nd7 1/2-1/2

[Event "Europa ch s-18 femenino"]
[Site "Herceg Novi MNT"]
[Date "2008.09.24"]
[Round "9.1"]
[White "Nemcova, Katerina"]
[Black "Demidowicz, Maria"]
[Result "1-0"]
[WhiteElo "2372"]
[BlackElo "2032"]
[PlyCount "55"]
[EventDate "2008.09.15"]
[EventType "swiss"]
[EventRounds "9"]
[Source "lmi"]
[SourceDate "2008.09.15"]

1. e4 e5 2. Nf3 Nc6 3. Bb5 a6 4. Ba4 Nf6 5. O-O b5 6. Bb3 Be7 7. a4 Bb7 8. axb5
axb5 9. Rxa8 Bxa8 10. d4 Nxe4 11. dxe5 O-O 12. Bd5 Nc5 13. Be3 b4 14. Nbd2 Na5
15. Ba2 Na4 16. Qa1 c5 17. Bxf7+ Rxf7 18. Qxa4 Bc6 19. Qa2 Qa8 20. Ra1 Bd8 21.
Bxc5 Bd5 22. Qa4 Bxf3 23. Nxf3 Qd5 24. Bxb4 Nc6 25. c3 g5 26. Qd1 Qe4 27. Ra8
Qf5 28. e6 1-0

[Event "Europa ch s-18 femenino"]
[Site "Herceg Novi MNT"]
[Date "2008.09.24"]
[Round "9.2"]
[White "Guadamuro Torrente, Anabel"]
[Black "Girya, Olga"]
[Result "1/2-1/2"]
[WhiteElo "2105"]
[BlackElo "2350"]
[PlyCount "136"]
[EventDate "2008.09.15"]
[EventType "swiss"]
[EventRounds "9"]
[Source "lmi"]
[SourceDate "2008.09.15"]

1. e4 c5 2. Nf3 d6 3. d4 cxd4 4. Nxd4 Nf6 5. Nc3 a6 6. h3 e5 7. Nde2 Be6 8. g4
Be7 9. Bg2 Nc6 10. Be3 Qa5 11. O-O O-O 12. Ng3 Rfd8 13. Nd5 Bxd5 14. exd5 Nb8
15. g5 Ne8 16. Nf5 Bf8 17. f4 Nd7 18. fxe5 Nxe5 19. Be4 Rd7 20. Qh5 g6 21. Nh6+
Kh8 22. Qh4 Qd8 23. Bd4 Bxh6 24. Qxh6 Ng7 25. Rf4 Nh5 26. Rh4 f5 27. Bxf5 Rg7
28. Rf1 Ng3 29. Bxg6 Nxf1 30. Kxf1 Qf8+ 31. Ke2 Qf3+ 32. Ke1 Qh1+ 33. Ke2 Qg2+
34. Kd1 Qf1+ 35. Kd2 Nf3+ 36. Ke3 Nxd4 37. Kxd4 Qf2+ 38. Kd3 Qg3+ 39. Kd2 Rf8
40. Bd3 Rf2+ 41. Kc3 Qe5+ 42. Kb3 Qxd5+ 43. Bc4 Qe5 44. g6 d5 45. Bd3 Rf6 46.
Rb4 d4 47. Qh4 Qd5+ 48. Ka3 Qd6 49. Qxd4 Qxd4 50. Rxd4 hxg6 51. Rd8+ Kh7 52. h4
Rf3 53. h5 Kh6 54. Rh8+ Kg5 55. h6 Rd7 56. Rg8 Rdxd3+ 57. cxd3 Rxd3+ 58. Kb4
Kxh6 59. a4 Rd7 60. Kc5 Kg5 61. b4 Kf5 62. Rf8+ Kg4 63. b5 axb5 64. axb5 g5 65.
Kb6 Kh3 66. Rh8+ Kg3 67. Rb8 g4 68. Rxb7 Rxb7+ 1/2-1/2

[Event "Europa ch s-18 femenino"]
[Site "Herceg Novi MNT"]
[Date "2008.09.24"]
[Round "9.3"]
[White "Ozturk, Kubra"]
[Black "Danelia, Mariam"]
[Result "1/2-1/2"]
[WhiteElo "2188"]
[BlackElo "2185"]
[PlyCount "85"]
[EventDate "2008.09.15"]
[EventType "swiss"]
[EventRounds "9"]
[Source "lmi"]
[SourceDate "2008.09.15"]

1. Nf3 Nf6 2. c4 c6 3. d4 d5 4. e3 g6 5. Nc3 Bg7 6. Be2 O-O 7. O-O Ne4 8. Qb3
dxc4 9. Bxc4 Nxc3 10. bxc3 b5 11. Be2 Be6 12. Qc2 h6 13. a4 bxa4 14. Qxa4 c5
15. Ba3 cxd4 16. cxd4 Nd7 17. Bb4 Nb6 18. Qa5 Bd5 19. Bc5 Bf6 20. Nd2 Kh7 21.
Bf3 Bxf3 22. Nxf3 Qc7 23. Nd2 Rfc8 24. Ne4 Bg7 25. Nc3 Qb7 26. Rfb1 e5 27. Nb5
Nc4 28. Qb4 Qd5 29. e4 a5 30. Qa4 Qe6 31. d5 Nb6 32. Qa3 Nxd5 33. exd5 Qxd5 34.
Be3 e4 35. Ra2 Rab8 36. Qa4 Qd3 37. Qb3 Rc3 38. Qb2 Rc5 39. Bxc5 Bxb2 40. Raxb2
a4 41. h3 Rc8 42. Ba3 Rb8 43. Bc5 1/2-1/2

[Event "Europa ch s-18 femenino"]
[Site "Herceg Novi MNT"]
[Date "2008.09.24"]
[Round "9.4"]
[White "Ohme, Melanie"]
[Black "Ni, Viktorija"]
[Result "1-0"]
[WhiteElo "2245"]
[BlackElo "2129"]
[PlyCount "149"]
[EventDate "2008.09.15"]
[EventType "swiss"]
[EventRounds "9"]
[Source "lmi"]
[SourceDate "2008.09.15"]

1. e4 c5 2. Nf3 e6 3. d4 cxd4 4. Nxd4 a6 5. Nc3 Qc7 6. Bd3 Nf6 7. Qe2 d6 8. O-O
Nbd7 9. Bd2 Be7 10. Kh1 Nc5 11. f4 e5 12. Nf5 Bxf5 13. exf5 O-O 14. Bc4 Rac8
15. Nd5 Nxd5 16. Bxd5 Bf6 17. c3 Rfe8 18. Rae1 Re7 19. Qf3 Rce8 20. fxe5 dxe5
21. Be3 Nd3 22. Rb1 e4 23. Qe2 b5 24. Rbd1 Qd6 25. Bb3 b4 26. cxb4 Qxb4 27. Rd2
a5 28. Rc2 Qb7 29. Bc4 a4 30. b3 a3 31. Rd1 h6 32. Bg1 Qd7 33. Qg4 Rd8 34. Rf1
Re5 35. Re2 Qc6 36. Be3 Kf8 37. Rd2 Ree8 38. Qe2 Kg8 39. Rfd1 Qc8 40. Qh5 Qc7
41. Rc2 Qd7 42. Rf1 Re5 43. Re2 Rc8 44. Rc2 Rd8 45. h3 Rf8 46. Re2 Kh7 47. Rd2
Kg8 48. Bxh6 gxh6 49. Qg6+ Bg7 50. f6 Rg5 51. Qxe4 Nc5 52. fxg7 Rxg7 53. Qf4
Qc6 54. Bd5 Qg6 55. Qc4 Qg5 56. Rdf2 Qe7 57. Rf6 Nd7 58. Rxh6 Ne5 59. Qe4 Qg5
60. Rhf6 Ng6 61. Ra6 Kh8 62. Rxa3 f5 63. Qd4 Qe7 64. Ra6 Kh7 65. Re6 Qd7 66.
Rd1 Rd8 67. Qe3 Qb5 68. Qf3 Kh6 69. Bc4 Rxd1+ 70. Qxd1 Qa5 71. Qe2 Qa3 72. Qf2
Qc1+ 73. Kh2 Qg5 74. Qg3 Qd2 75. Qh4# 1-0

[Event "Europa ch s-18 femenino"]
[Site "Herceg Novi MNT"]
[Date "2008.09.24"]
[Round "9.5"]
[White "Gosciniak, Maria"]
[Black "Rakic, Marija"]
[Result "0-1"]
[WhiteElo "2096"]
[BlackElo "2276"]
[PlyCount "92"]
[EventDate "2008.09.15"]
[EventType "swiss"]
[EventRounds "9"]
[Source "lmi"]
[SourceDate "2008.09.15"]

1. e4 g6 2. d4 Bg7 3. Nc3 c6 4. f4 Qb6 5. Nf3 d5 6. exd5 Bg4 7. dxc6 Nxc6 8.
Bb5 Rd8 9. Be3 Nh6 10. Bxc6+ Qxc6 11. O-O Nf5 12. d5 Qc7 13. Qe1 Bxc3 14. bxc3
Bxf3 15. Rxf3 Rxd5 16. Qf2 Nxe3 17. Qxe3 Qc5 18. Qxc5 Rxc5 19. Rd1 Rc7 20. Rdd3
O-O 21. f5 Rfc8 22. g4 Rc4 23. h3 R8c7 24. Kf1 Ra4 25. Ke1 Rxa2 26. Kd2 Ra5 27.
h4 Kg7 28. h5 g5 29. h6+ Kxh6 30. Rh3+ Kg7 31. Rh5 h6 32. f6+ exf6 33. Rdh3
Rd5+ 34. Kc1 f5 35. Rxh6 fxg4 36. Rh7+ Kg6 37. R7h6+ Kf5 38. Rh1 g3 39. Rf1+
Kg4 40. Rhf6 g2 41. Re1 Rxc3 42. Rf2 Rg3 43. Rg1 Kh3 44. Kb2 f5 45. c4 Rc5 46.
Rc2 b5 0-1